000 00834nam a2200241 i 4500
001 12458
003 ES-MaACL
005 20250728143752.0
008 921222s1990 sp a |||| |dspa d
020 _a84-85386-21-3
080 _a929 Colón, Cristóbal
100 1 _aCuenca, Emilio.
_941996
245 1 0 _aCrístobal Colón, los Mendoza y el humanismo castellano /
_cEmilio Cuenca y Margarita del Olmo ; presentación, Arturo Álvarez Álvarez.
260 _a[S.l. :
_bs.n.,
_c1990] (
_eGuadalajara :
_fGráf. Nueva Alcarria)
300 _a136 p :
_bil ;
_c24 cm.
500 _aÍndices.
504 _aBibliografía.
600 1 4 _aColón, Cristóbal-
_xBiografías.
_939871
700 1 _aOlmo, Margarita del.
_986977
700 1 _aÁlvarez, Arturo,
_d1928-
_9169371
852 _aES-MaACL
_jL-19718
999 _c12458
_d12458